000 00697nam a2200229Ia 4500
003 OSt
005 20220926012333.0
006 a|||||r|||| 00| 0
007 ta
008 220923b |||||||| |||| 00| 0 eng d
037 _cGeneral Book
040 _aRTL
_cRTL
_beng
041 _2eng
_aeng
082 _aX61.73.N, N7
100 _aRitter Gretchen
_9278465
245 0 _aGoldbugs and greenbacks
_b The antimonopoly traditi
260 _aNew York
_bCambridge University Press U. S. A.
_c1997
300 _axii, 303p. Appendix p.283-90
_ccm.
650 _aEconomics-Money-United States
942 _hX61.73.N, N7
_cGB
_2CC
999 _c622574
_d622574